000 00807cam a2200241 4500
001 J3273
008 090401t1969 xxu||||| |||| 00| 0 eng d
035 _a(Sirsi) u54023
041 _aeng
050 _a690.24
110 _aMinistry of Public Building and Works
_9592
245 _aTechnology of building maintenance: conference report ... held at Bath University of Technology, 23rd-24th April 1968.
260 _aLondon
_bMinistry of Public Building and Works
_c1969
300 _a276p. ; 30cm.
350 _a0
490 _aR & D Paper
650 _aBUILT ENVIRONMENT-BUILDING MAINTENANCE AND REFURBISHMENT
650 _aCONFERENCES
650 _aNATIONAL BUILDING MAINTENANCE CONFERENCE
690 _aBUILDING AND CONSTRUCTION-REPAIRS AND MAINTENANCE
942 _n0
948 _c04/03/1997
999 _c93397
_d93397